000
00282nam a2200121Ia 4500
008
191201s2006 xx 000 0 und d
100
_a
KUMAR, Muneesh
245
0
_a
Business Information Systems
260
_a
N. delhi
_b
Vikas
_c
2006
300
_a
384
650
_a
MBA
942
_2
ddc
_c
BK
999
_c
180
_d
180